000 00993nas a2200325 4500
001 BR2010003714
003 BR-BrBNA
005 20231205114617.0
007 ta
008 230509b bl.|||p| |||| 00| 00por d
040 _aBR-BrBNA
_bpor
_cBiblioteca Nacional de Agricultura
041 _a(Pt)
072 _aH20
100 1 _aPoletto, I.
100 1 _aMuniz, M.F.B.
100 1 _aCeconi, D.E.
100 1 _aAraújo, M.M.
100 1 _aRodrigues, J.
100 1 _aMezzomo, R.
245 1 _aInoculação de Fusarium oxysporum e Fusarium solani e níveis de sombreamento na erva-mate: influência na severidade da podridão-de-raízes
650 _aMATE
650 _aINOCULAÇÃO
650 _aEPIDEMIOLOGIA
650 _aPODRIDÃO DA RAIZ
650 _aFUNGO
650 _aSOMBREAMENTO
773 0 _tCiência Florestal (Brazil)
_xISSN 0103-9954
_g(Sep-Dec 2009), v. 19(3-4) p. 267-278
_wBR2010003714
909 _a202311
_bLúcia
_c55
_dLúcia Elande
942 _2AGRIS
_n0
_cANA
999 _c209560
_d209560